|
|
|
|
| LEADER |
00000Cam#a22000005a#4500 |
| 001 |
028427 |
| 003 |
AR-BeUNQ |
| 005 |
20250217100915.0 |
| 008 |
240725s1955 ag a | d |
| 999 |
|
|
|c 38882
|d 122682
|
| 040 |
|
|
|a AR-BeUNQ
|e aacr
|b spa
|
| 041 |
|
|
|h spa
|
| 082 |
0 |
4 |
|a V 863
|2 21
|
| 100 |
1 |
|
|a Otero Silva, Miguel,
|d 1908-1985.
|
| 245 |
1 |
0 |
|a Casas muertas :
|b novela /
|c Miguel Otero Silva ; cubierta de Rafael Alberti.
|
| 260 |
|
|
|a Buenos Aires :
|b Losada,
|c 1955.
|
| 300 |
|
|
|a 181 p. :
|c 21 cm.
|
| 490 |
1 |
|
|a Novelistas de España y América (Losada)
|
| 592 |
|
|
|a Biblioteca Personal Margarita Pierini
|
| 650 |
|
7 |
|a Literatura (Arte)
|2 spines
|
| 650 |
|
7 |
|a Literatura latinoamericana
|2 ttll
|
| 651 |
|
7 |
|a Venezuela
|2 spines
|
| 655 |
|
7 |
|a Novelas
|2 ttll
|
| 700 |
1 |
|
|a Alberti, Rafael,
|e il
|9 3359
|d 1902-1999
|
| 830 |
|
|
|a Novelistas de España y América (Losada)
|9 86
|
| 929 |
|
|
|a DONACION
|b Biblioteca Personal Margarita Pierini
|d 1000,00
|e 20240503
|g 3745
|j 62420
|h 1
|
| 942 |
|
|
|c LIB
|n 0
|